000 00303nam a22001337a 4500
008 260223b ||||| |||| 00| 0 eng d
020 _a9951050077
041 _aeng
080 _a2.1
100 _a20.1
101 _aShqip
245 _aPavarësia , Gjasa dhe Shpresë
_cFehmi Agani
942 _2lcc
_cBK
999 _c60849
_d60849